Eastern Utah Libraries Catalog: Duchesne, Heber, Roosevelt, & Vernal

Nevermoor The trials of Morrigan Crow / (Record no. 227142)

MARC details
000 -LEADER
fixed length control field 01954pam a2200421 i 4500
001 - CONTROL NUMBER
control field BK0020345867
003 - CONTROL NUMBER IDENTIFIER
control field DLC
005 - DATE AND TIME OF LATEST TRANSACTION
control field 20171031135937.0
008 - FIXED-LENGTH DATA ELEMENTS--GENERAL INFORMATION
fixed length control field 170428s2017 nyua c 000 1 eng d
010 ## - LIBRARY OF CONGRESS CONTROL NUMBER
LC control number 2017003436
020 ## - INTERNATIONAL STANDARD BOOK NUMBER
International Standard Book Number 9780316508889 : HRD
Terms of availability 17.99
020 ## - INTERNATIONAL STANDARD BOOK NUMBER
International Standard Book Number 0316508888 : HRD
Terms of availability 17.99
Cancelled/invalid ISBN 9780316508865 (ebook)
-- 9780316508902 (library edition ebook)
037 ## - SOURCE OF ACQUISITION
Source of stock number/acquisition Little Brown & Co, 53 State st 9th Fl, Boston, MA, USA, 02109
Note SAN 200-2205
040 ## - CATALOGING SOURCE
Original cataloging agency DLC
Language of cataloging eng
Description conventions rda
Transcribing agency DLC
Modifying agency NjBwBT
-- GCmBT
050 00 - LIBRARY OF CONGRESS CALL NUMBER
Classification number PZ7.1.T696
Item number Tr 2017
082 00 - DEWEY DECIMAL CLASSIFICATION NUMBER
Classification number [Fic]
Edition number 23
092 ## - LOCALLY ASSIGNED DEWEY CALL NUMBER (OCLC)
Classification number FIC
100 1# - MAIN ENTRY--PERSONAL NAME
Personal name Townsend, Jessica,
Dates associated with a name 1985-
Relator term author.
9 (RLIN) 5735245
245 14 - TITLE STATEMENT
Title Nevermoor The trials of Morrigan Crow /
Statement of responsibility, etc Jessica Townsend ; illustrated by Jim Madsen.
250 ## - EDITION STATEMENT
Edition statement First US edition.
264 #1 - Production, Publication, Distribution, Manufacture, and Copyright Notice.
Place of production, publication, distribution, manufacture New York :
Name of producer, publisher, distributor, manufacturer Little, Brown and Company,
Date of production, publication, distribution, manufacture, or copyr 2017.
300 ## - PHYSICAL DESCRIPTION
Extent xiii, 465 pages :
Other physical details illustrations ;
Dimensions 21 cm.
336 ## - Content Type
Content type term text
337 ## - Media type
Media type term unmediated
338 ## - Carrier type
Carrier type term volume
490 0# - SERIES STATEMENT
Series statement Nevermoor
520 ## - SUMMARY, ETC.
Summary, etc "A cursed child destined to die on her eleventh birthday is rescued and whisked away to a secret realm called Nevermoor and given the chance to compete for a place in a prestigious organization called the Wundrous Society"--
650 #1 - SUBJECT ADDED ENTRY--TOPICAL TERM
Topical term or geographic name as entry element Magic
Form subdivision Fiction.
9 (RLIN) 5673694
650 #1 - SUBJECT ADDED ENTRY--TOPICAL TERM
Topical term or geographic name as entry element Blessing and cursing
Form subdivision Fiction.
9 (RLIN) 5675732
650 #1 - SUBJECT ADDED ENTRY--TOPICAL TERM
Topical term or geographic name as entry element Contests
Form subdivision Fiction.
9 (RLIN) 5678324
650 #7 - SUBJECT ADDED ENTRY--TOPICAL TERM
Topical term or geographic name as entry element JUVENILE FICTION / Fantasy & Magic.
Source of heading or term bisacsh
9 (RLIN) 5675426
650 #7 - SUBJECT ADDED ENTRY--TOPICAL TERM
Topical term or geographic name as entry element JUVENILE FICTION / Action & Adventure / General.
Source of heading or term bisacsh
9 (RLIN) 5675719
650 #7 - SUBJECT ADDED ENTRY--TOPICAL TERM
Topical term or geographic name as entry element JUVENILE FICTION / Mysteries & Detective Stories.
Source of heading or term bisacsh
9 (RLIN) 5675882
650 #7 - SUBJECT ADDED ENTRY--TOPICAL TERM
Topical term or geographic name as entry element JUVENILE FICTION / Social Issues / Self-Esteem & Self-Reliance.
Source of heading or term bisacsh
9 (RLIN) 5679135
650 #7 - SUBJECT ADDED ENTRY--TOPICAL TERM
Topical term or geographic name as entry element JUVENILE FICTION / Social Issues / Emigration & Immigration.
Source of heading or term bisacsh
9 (RLIN) 5730359
650 #7 - SUBJECT ADDED ENTRY--TOPICAL TERM
Topical term or geographic name as entry element JUVENILE FICTION / Social Issues / Friendship.
Source of heading or term bisacsh
9 (RLIN) 5675883
650 #7 - SUBJECT ADDED ENTRY--TOPICAL TERM
Topical term or geographic name as entry element JUVENILE FICTION / Social Issues / Emotions & Feelings.
Source of heading or term bisacsh
9 (RLIN) 5683753
700 1# - ADDED ENTRY--PERSONAL NAME
Personal name Madsen, Jim,
Dates associated with a name 1964-
Relator term illustrator.
9 (RLIN) 48415
942 ## - ADDED ENTRY ELEMENTS (KOHA)
Source of classification or shelving scheme Dewey Decimal Classification
Koha item type BOOK
Holdings
Withdrawn status Lost status Source of classification or shelving scheme Damaged status Not for loan Collection code Home library Current library Shelving location Date acquired Serial Enumeration / chronology Total Checkouts Total Renewals Full call number Barcode Date last seen Date checked out Cost, replacement price Price effective from Koha item type
    Dewey Decimal Classification     Junior Fiction Wasatch County Library Wasatch County Library Main Floor Junior Area 03/09/2018 #1 Nevermoor 45 33 J Townsend 34301001722794 03/02/2026 01/02/2026 17.99 03/20/2020 BOOK
This project was made possible through a grant from the Institute of Museum and Library Service administered by the Utah State Library Division.

Wasatch County Library

  • 465 East 1200 South, Heber City, Utah 84032
  • Phone 435-654-1511 | Fax 435-654-6456

Hours

  • Monday - Friday 9:30 AM - 8:00 PM
  • Saturday 9:30 AM - 1:30 PM
  • Closed Sundays and Holidays